000 00378pab a2200157 454500
008 180718b2001 xxu||||| |||| 00| 0 eng d
100 _aVittal, N.
245 _aRation card to smart card
260 _c2001
300 _ap.6
362 _a8 Sep
650 _aInformation technology - India
650 _aInformation technology
773 _aEconomic Times
909 _a50537
999 _c50537
_d50537